00379nam a2200133 a 4500008004100000020001500041050001600056100002300072245005500095260004200150350000900192650001500201650002900216120416s1995 ||||||||||||||||| || u a8170242509 aHD 58.7 Des aDesai, Arvindrai N10aManagement strategies and organizational behaviour aDelhibAshish publication housec1995 a0.00 0aMANAGEMENT aORGANIZATIONAL BEHAVIOUR